Normal view
MARC view
Entry Geographic Name
001 - CONTROL NUMBER
- control field: 52137
003 - CONTROL NUMBER IDENTIFIER
- control field: ARRUPE
005 - DATE AND TIME OF LATEST TRANSACTION
- control field: 20221130092337.0
008 - FIXED-LENGTH DATA ELEMENTS
- fixed length control field: 221130|| aca||aabn | a|a d
040 ## - CATALOGING SOURCE
- Original cataloging agency: ARRUPE
- Transcribing agency: ARRUPE
151 ## - HEADING--GEOGRAPHIC NAME
- Geographic name: United States
- General subdivision: Religion
- Form subdivision: Encyclopedias
670 ## - SOURCE DATA FOUND
- Source citation: Work cat.: (ARRUPE)131611: Encyclopedia of African American religions /, 1993.